00582nam a22001817a 450000500170000001000150001702000260003203500130005803700130007108200140008410000180009824500990011625000120021526000320022727000930025930000310035270000170038320160908103008.0 aENG-115950 a9789350357088c725.00 aEN-99482 bDBAD/PUB a346.54066 aOberoi, Ankit aCorporate and allied laws :cby Ankit Obrai ;edited by Esha NarangbCA final group 1 Paper 4 / a3rd ed. aGurgaon bLexisNexis c2016 a14th Floor, Building No.10, Tower-B, DLF Cyber City, Phase-IIbGurgaon (Haryana)e122002 aVarious Pagingsc27cm(pbk) a Narang,Esha